00337nam a2200121Ia 4500008004100000041000800041082001200049100001700061245004500078260005000123300003100173365001100204240624s9999 xx 000 0 und d aeng a200 PAR aPARPOLA ASKO aROOTS OF HINDUISM THE EARLY ARYANS AND T c2015aNew DelhibOxford University Publishers axvi, : 363 : p. : cm. ; 25 cRSb31